AH International Schools' Libraries

The accidental president / (Record no. 47793)

MARC details
000 -LEADER
fixed length control field 00352nam a2200121 4500
020 ## - INTERNATIONAL STANDARD BOOK NUMBER
International Standard Book Number 9780192758989
100 ## - MAIN ENTRY--PERSONAL NAME
Personal name McLaughlin, Tom
9 (RLIN) 85620
245 ## - TITLE STATEMENT
Title The accidental president /
Statement of responsibility, etc Tom McLaughlin
260 ## - PUBLICATION, DISTRIBUTION, ETC. (IMPRINT)
Place of publication, distribution, etc Great Britain
Name of publisher, distributor, etc Oxford University Press
Date of publication, distribution, etc 2018
300 ## - PHYSICAL DESCRIPTION
Extent 224 p.
Other physical details col. ill.
Dimensions 20 cm.
650 ## - SUBJECT ADDED ENTRY--TOPICAL TERM
Topical term or geographic name as entry element Juvenile Fiction
9 (RLIN) 46924
942 ## - ADDED ENTRY ELEMENTS (KOHA)
Source of classification or shelving scheme
Koha item type Book
Holdings
Withdrawn status Lost status Source of classification or shelving scheme Damaged status Not for loan Home library Current library Shelving location Date acquired Total Checkouts Full call number Barcode Date last seen Date checked out Price effective from Koha item type
          Asian Hope Primary Library Asian Hope Primary Library Junior Fiction 11/05/2024 2 J FIC MCL 207158 11/13/2025 10/30/2025 11/05/2024 Book
          Asian Hope Primary Library Asian Hope Primary Library Junior Fiction 09/05/2025   J FIC MCL 208154 09/05/2025   09/05/2025 Book

For any Logos Library related questions please contact Miss Art at swongnarasuk@asianhope.org.

For any Asian Hope Library related questions please contact Miss Raza at graza@asianhope.org.

Click here to explore our ebooks!

Powered by Koha